[Event "XXVI. Rhein-Main-Open, Gruppe B"]
[Site "Bad Homburg vor der Höhe"]
[Date "2024.06.01"]
[Round "6"]
[White "Zerhusen, Martin"]
[Black "Accorsini, Luca"]
[Result "1-0"]
[WhiteElo "1805"]
[BlackElo "1519"]
[PlyCount "89"]
[EventDate "2024.??.??"]
[WhiteTeam "SV Rüsselsheim 1929"]
[BlackTeam "Sabt Frankfurter TV 1860"]

1. d4 d5 2. c4 e6 3. Nc3 Nf6 4. Bg5 Be7 5. e3 c6 6. Nf3 h6 7. Bh4 O-O 8. Be2 dxc4 9. Bxc4 b5 10. Be2 Nbd7 11. O-O Bb7 12. a3 Rc8 13. b4 a5 14. Qb3 a4 15. Qc2 Qc7 16. Rac1 Bd6 17. Bg3 Rfe8 18. Bxd6 Qxd6 19. Rfd1 Qb8 20. h3 Ba8 21. Rd2 e5 22. dxe5 Nxe5 23. Nxe5 Qxe5 24. Bf3 Red8 25. Ne2 Rxd2 26. Qxd2 Bb7 27. Nd4 Ne4 28. Qd3 c5 29. bxc5 Rxc5 30. Rxc5 Nxc5 31. Qxb5 Bxf3 32. gxf3 g5 33. Qc6 Kg7 34. Qc8 Kg6 35. Qg8+ Qg7 36. Qxg7+ Kxg7 37. Kg2 Kg6 38. Kg3 f5 39. Nb5 Nd3 40. Nc3 Nc5 41. h4 Kf6 42. hxg5+ hxg5 43. f4 Ne4+ 44. Nxe4+ fxe4 45. Kg4 1-0

[Event "XXVI. Rhein-Main-Open, Gruppe B"]
[Site "Bad Homburg vor der Höhe"]
[Date "2024.06.01"]
[Round "6"]
[White "Gold, Jan Christian"]
[Black "Fernandez Egea, Andres"]
[Result "1-0"]
[WhiteElo "1969"]
[BlackElo "1892"]
[PlyCount "117"]
[EventDate "2024.??.??"]
[WhiteTeam "SK Bad Homburg 1927"]
[BlackTeam "SF Frankfurt 1921"]

1. d4 d5 2. c4 e6 3. Nf3 Nf6 4. g3 Be7 5. Bg2 O-O 6. O-O dxc4 7. Qc2 b5 8. a4 b4 9. Nbd2 Bb7 10. Nxc4 c5 11. dxc5 Bxc5 12. Bg5 Nbd7 13. Rad1 Qe7 14. Na5 Rac8 15. Qd3 Ba8 16. Nb3 h6 17. Bxf6 Nxf6 18. Qb5 Bd5 19. Nfd2 Bd6 20. Bxd5 Nxd5 21. Nc4 Bc7 22. Nd4 Qe8 23. Nc6 Bxg3 24. Nxa7 Qxb5 25. axb5 Bxh2+ 26. Kxh2 Rxc4 27. Rc1 Rg4 28. Nc8 b3 29. f4 g5 30. b6 Nxb6 31. Nxb6 f5 32. fxg5 hxg5 33. Nd7 Rh4+ 34. Kg2 Rd8 35. Rc7 Kf7 36. Nc5+ Kf6 37. Rc6 Rg4+ 38. Kf2 Rf4+ 39. Ke1 Rd1+ 40. Kxd1 Rxf1+ 41. Kd2 g4 42. Nxe6 Rb1 43. Nf4+ Kg5 44. Nd3 g3 45. Rc8 Rf1 46. Ke3 Kg4 47. Rh8 Kg5 48. Rh7 Kg4 49. Rh6 Kg5 50. Rh8 Kg4 51. Ne5+ Kg5 52. Rg8+ Kf6 53. Nd3 Ra1 54. Rxg3 Ra4 55. Kd2 Rc4 56. Rg6+ Ke7 57. Rb6 Rc2+ 58. Ke3 f4+ 59. Kf3 1-0

[Event "XXVI. Rhein-Main-Open, Gruppe B"]
[Site "Bad Homburg vor der Höhe"]
[Date "2024.06.01"]
[Round "6"]
[White "Wesener, Joachim"]
[Black "Bezsonna, Polina"]
[Result "0-1"]
[WhiteElo "1699"]
[BlackElo "1788"]
[PlyCount "60"]
[EventDate "2024.??.??"]
[WhiteTeam "SC Hilchenbach"]
[BlackTeam "SK Bad Homburg 1927"]

1. g3 Nf6 2. Nf3 g6 3. Bg2 Bg7 4. c4 d6 5. d4 O-O 6. Nc3 Nc6 7. O-O e5 8. Bg5 exd4 9. Nxd4 Nxd4 10. Qxd4 h6 11. Bxf6 Bxf6 12. Qd2 Rb8 13. Rac1 Be6 14. Nd5 Bg7 15. b4 Re8 16. e4 Qc8 17. c5 dxc5 18. Rxc5 c6 19. Nf4 Rd8 20. Qe2 Bf8 21. Nxe6 Qxe6 22. Ra5 Bxb4 23. Rxa7 Rd2 24. Qe3 Rxa2 25. Rxa2 Qxa2 26. Qxh6 Rd8 27. f4 Qe2 28. f5 Bc5+ 29. Kh1 Rd1 30. Qf4 Bd6 0-1

[Event "XXVI. Rhein-Main-Open, Gruppe B"]
[Site "Bad Homburg vor der Höhe"]
[Date "2024.06.01"]
[Round "6"]
[White "Schneider, Wolfram"]
[Black "Bigott, Martin"]
[Result "1-0"]
[WhiteElo "1914"]
[BlackElo "1885"]
[PlyCount "111"]
[EventDate "2024.??.??"]
[WhiteTeam "SK Marburg 1931/72"]
[BlackTeam "SK Köln-Südwest"]

1. d4 d5 2. c4 Nf6 3. cxd5 Nxd5 4. Nf3 g6 5. g3 Bg7 6. Bg2 O-O 7. O-O c6 8. e4 Nb6 9. h3 N8d7 10. Nc3 Nf6 11. Qe2 Be6 12. Rd1 Bc4 13. Qe1 h6 14. Ne5 Be6 15. f4 Bc8 16. b3 Nbd7 17. Nf3 e6 18. Be3 b6 19. Rac1 Bb7 20. Bf2 Qe7 21. e5 Nd5 22. Ne4 Rad8 23. Nd6 Ba8 24. a4 a5 25. Nd2 Nb8 26. N2c4 Qa7 27. Qd2 Na6 28. g4 Nab4 29. f5 exf5 30. gxf5 f6 31. fxg6 fxe5 32. Nf7 Nf4 33. Be3 Rxf7 34. gxf7+ Qxf7 35. Rf1 Nbd3 36. Bxf4 Nxf4 37. Nxb6 Rxd4 38. Qe3 Rd3 39. Rxf4 Qxb3 40. Qe1 Qxb6+ 41. Kh2 exf4 42. Qe6+ Kf8 43. Qf5+ Kg8 44. Qxd3 Qe3 45. Qc4+ Kf8 46. Qc5+ Kf7 47. Qf5+ Bf6 48. Rd1 Qe5 49. Qh7+ Bg7 50. Bf3 Qb2+ 51. Kh1 Bb7 52. Rd7+ Kf8 53. Qf5+ Bf6 54. Rd8+ Kg7 55. Qd7+ Kg6 56. Bh5+ 1-0

[Event "XXVI. Rhein-Main-Open, Gruppe B"]
[Site "Bad Homburg vor der Höhe"]
[Date "2024.06.01"]
[Round "6"]
[White "Kolker, Vladislav"]
[Black "Sasikumar Anitha, Sarvesh"]
[Result "1/2-1/2"]
[WhiteElo "1896"]
[BlackElo "1704"]
[PlyCount "41"]
[EventDate "2024.??.??"]
[WhiteTeam "SC Bad Nauheim"]
[BlackTeam "SK 1858 Gießen"]

1. e4 e6 2. Nf3 d5 3. e5 c5 4. b4 cxb4 5. d4 Nc6 6. Bd3 Bd7 7. O-O Nge7 8. a3 Nf5 9. Be3 Be7 10. axb4 Nxb4 11. Be2 O-O 12. c3 Nc6 13. Bd3 Rc8 14. Bxf5 exf5 15. Qb3 Qb6 16. Qa2 Be6 17. c4 Nb4 18. Qxa7 Qc7 19. c5 Nc6 20. Qa2 Bxc5 21. Nc3 1/2-1/2

[Event "XXVI. Rhein-Main-Open, Gruppe B"]
[Site "Bad Homburg vor der Höhe"]
[Date "2024.06.02"]
[Round "7"]
[White "Accorsini, Luca"]
[Black "Leopold, Dieter"]
[Result "1/2-1/2"]
[WhiteElo "1519"]
[BlackElo "1844"]
[PlyCount "87"]
[EventDate "2024.??.??"]
[WhiteTeam "Sabt Frankfurter TV 1860"]
[BlackTeam "SK Königsspringer Wewels"]

1. e4 e5 2. Nf3 Nc6 3. d4 exd4 4. Nxd4 Nf6 5. Nxc6 bxc6 6. Nc3 Bb4 7. Bd3 d5 8. O-O O-O 9. h3 Bxc3 10. bxc3 dxe4 11. Bc4 Qxd1 12. Rxd1 Be6 13. Bb3 Nd5 14. Re1 Nf6 15. Bb2 Rab8 16. Rab1 a5 17. c4 a4 18. Bxa4 Bxc4 19. Bb3 Bxb3 20. cxb3 Rfe8 21. Bxf6 gxf6 22. Rbc1 Re6 23. Rc4 f5 24. Rb1 f4 25. Kf1 Rd8 26. a4 Rd2 27. Ra1 Rb2 28. Rc3 e3 29. fxe3 fxe3 30. Re1 Rf6+ 31. Kg1 Rff2 32. Rexe3 Rxg2+ 33. Kf1 Rh2 34. Rg3+ Kf8 35. Kg1 Rhd2 36. Kh1 Rh2+ 37. Kg1 Rhd2 38. Kh1 c5 39. a5 Rd1+ 40. Rg1 Rdd2 41. Rgg3 Rd1+ 42. Rg1 Rdd2 43. Rgg3 Rd1+ 44. Rg1 1/2-1/2

[Event "XXVI. Rhein-Main-Open, Gruppe B"]
[Site "Bad Homburg vor der Höhe"]
[Date "2024.06.02"]
[Round "7"]
[White "Bahlo, Jens"]
[Black "Krischak, Werner"]
[Result "1-0"]
[WhiteElo "1888"]
[BlackElo "1791"]
[PlyCount "99"]
[EventDate "2024.??.??"]
[WhiteTeam "SK 1858 Gießen"]
[BlackTeam "SK Marburg 1931/72"]

1. e4 c6 2. Nc3 d5 3. Nf3 Bg4 4. h3 Bxf3 5. Qxf3 e6 6. Qg3 dxe4 7. Nxe4 Nf6 8. d3 Nxe4 9. dxe4 Qd4 10. Qd3 c5 11. Qb5+ Nc6 12. Bd3 Qb4+ 13. c3 Qxb5 14. Bxb5 Rc8 15. Bf4 a6 16. Be2 Be7 17. Rd1 O-O 18. Rd7 e5 19. Be3 Rb8 20. O-O Rfd8 21. Rfd1 Kf8 22. R7d5 Rxd5 23. exd5 Na7 24. d6 Bf6 25. Bxc5 Nc6 26. Bf3 Nd8 27. Bb6 g6 28. Be4 Nc6 29. b4 Bd8 30. Be3 f5 31. Bd5 e4 32. g4 Bf6 33. Rc1 Be5 34. gxf5 gxf5 35. Bc5 Kg7 36. c4 Rd8 37. b5 axb5 38. cxb5 Nd4 39. Bxd4 Bxd4 40. Rc7+ Kf6 41. Rxh7 b6 42. d7 Bc5 43. Kf1 Bf8 44. Bc6 Bg7 45. Kg2 Kg6 46. Rxg7+ Kxg7 47. Kg3 Kf6 48. Kf4 Rh8 49. a4 Ra8 50. Bxa8 1-0

[Event "XXVI. Rhein-Main-Open, Gruppe B"]
[Site "Bad Homburg vor der Höhe"]
[Date "2024.06.02"]
[Round "7"]
[White "Beier, Martin"]
[Black "Arnold, Michael"]
[Result "1/2-1/2"]
[WhiteElo "1602"]
[BlackElo "1829"]
[PlyCount "35"]
[EventDate "2024.??.??"]
[WhiteTeam "SK Bad Homburg 1927"]
[BlackTeam "SK Langen"]

1. e4 e5 2. Nf3 d6 3. d4 exd4 4. Nxd4 Nf6 5. Nc3 Be7 6. Bc4 O-O 7. h3 Nbd7 8. Bf4 Re8 9. O-O Nb6 10. Bd3 h6 11. Re1 d5 12. e5 Nh7 13. e6 fxe6 14. Nxe6 Bxe6 15. Rxe6 Ng5 16. Re5 c6 17. Qe1 Bf6 18. Re2 1/2-1/2

[Event "XXVI. Rhein-Main-Open, Gruppe B"]
[Site "Bad Homburg vor der Höhe"]
[Date "2024.06.02"]
[Round "7"]
[White "Bigott, Martin"]
[Black "Schneider, Felix"]
[Result "1-0"]
[WhiteElo "1885"]
[BlackElo "1622"]
[PlyCount "117"]
[EventDate "2024.??.??"]
[WhiteTeam "SK Köln-Südwest"]
[BlackTeam "SK Bad Homburg 1927"]

1. g3 d5 2. Bg2 e5 3. Nf3 Nc6 4. d4 exd4 5. Nxd4 Nxd4 6. Qxd4 Be6 7. Nc3 c6 8. O-O Nf6 9. b3 Bd6 10. Bb2 Qb6 11. Qd3 Be5 12. Nxd5 Bxd5 13. Bxe5 Bxg2 14. Kxg2 Rd8 15. Qf3 c5 16. Bxf6 gxf6 17. Rad1 O-O 18. e3 Qa6 19. a4 c4 20. b4 Qxa4 21. Qxf6 Rxd1 22. Rxd1 Qxc2 23. Rd4 Qg6 24. Qf3 Qc6 25. Rg4+ Kh8 26. Qxc6 bxc6 27. Rxc4 Rb8 28. Rxc6 Rxb4 29. Rc7 Kg7 30. Rxa7 h5 31. h4 Kg6 32. Kf3 Rb5 33. e4 f6 34. Ra6 Kg7 35. Kf4 Rc5 36. f3 Rc1 37. Ra7+ Kg6 38. Ra8 Kg7 39. Ra2 Rg1 40. Rh2 Kg6 41. Rh3 Ra1 42. g4 Ra5 43. Rg3 hxg4 44. Rxg4+ Kh6 45. Rg8 Rb5 46. Kg4 Kh7 47. Rd8 Kg6 48. Rd5 Rb1 49. h5+ Kg7 50. Kf5 Rb7 51. h6+ Kxh6 52. Kxf6 Rb6+ 53. Kf5 Kg7 54. Rd7+ Kf8 55. e5 Ke8 56. Ra7 Rc6 57. f4 Rc5 58. Kf6 Rc4 59. f5 1-0

[Event "XXVI. Rhein-Main-Open, Gruppe B"]
[Site "Bad Homburg vor der Höhe"]
[Date "2024.06.02"]
[Round "7"]
[White "Brunner, Andreas"]
[Black "Faisz, David"]
[Result "1-0"]
[WhiteElo "1643"]
[BlackElo "1565"]
[PlyCount "47"]
[EventDate "2024.??.??"]
[WhiteTeam "FV Berkersheim"]
[BlackTeam "SK 1926 Ettlingen"]

1. Nf3 d5 2. c4 Nf6 3. cxd5 Nxd5 4. Nc3 c6 5. e4 Nc7 6. d4 Bd7 7. Ne5 e6 8. Qh5 Qe7 9. Bg5 g6 10. Qh4 Qb4 11. O-O-O Nb5 12. Nxb5 cxb5 13. Qf4 f5 14. Nxd7 Nxd7 15. Qc7 Qa4 16. Bd3 a6 17. exf5 gxf5 18. Rhe1 Qxa2 19. Bxf5 Qa1+ 20. Bb1 Ba3 21. Rxe6+ Kf8 22. Bh6+ Kg8 23. Rd2 Bb4 24. Rd3 1-0

[Event "XXVI. Rhein-Main-Open, Gruppe B"]
[Site "Bad Homburg vor der Höhe"]
[Date "2024.06.02"]
[Round "7"]
[White "Fernandez Egea, Andres"]
[Black "Fang, Borui"]
[Result "1-0"]
[WhiteElo "1892"]
[BlackElo "1740"]
[PlyCount "63"]
[EventDate "2024.??.??"]
[WhiteTeam "SF Frankfurt 1921"]
[BlackTeam "SV Oberursel"]

1. e4 e5 2. Nf3 Nc6 3. Bb5 a6 4. Ba4 Nf6 5. Qe2 b5 6. Bb3 Bc5 7. c3 d6 8. O-O O-O 9. d3 h6 10. Be3 Ba7 11. h3 Bb7 12. Rd1 Ne7 13. Nh4 g5 14. Qf3 Kg7 15. Qg3 Kh7 16. Qf3 Kg7 17. Nf5+ Nxf5 18. Qxf5 Bc8 19. Qf3 g4 20. hxg4 Bxg4 21. Qg3 Bxe3 22. fxe3 Rg8 23. Rf1 Kh7 24. Qh4 Nh5 25. Rxf7+ Kh8 26. Qxd8 Raxd8 27. Rxc7 Rgf8 28. Nd2 Ng3 29. Kh2 Ne2 30. Rf1 h5 31. Nf3 h4 32. Ng5 1-0

[Event "XXVI. Rhein-Main-Open, Gruppe B"]
[Site "Bad Homburg vor der Höhe"]
[Date "2024.06.02"]
[Round "7"]
[White "Fischer, Frederik"]
[Black "Hees, Robin"]
[Result "1-0"]
[WhiteElo "1616"]
[BlackElo "1552"]
[PlyCount "61"]
[EventDate "2024.??.??"]
[WhiteTeam "SV Oberursel"]
[BlackTeam "SK Bad Homburg 1927"]

1. c4 Nf6 2. Nc3 e5 3. Nf3 Nc6 4. e3 Bb4 5. d4 exd4 6. exd4 d5 7. a3 Bxc3+ 8. bxc3 O-O 9. Be2 Re8 10. O-O Ne7 11. Bg5 Ne4 12. Qc2 Bf5 13. Bd3 Nxg5 14. Nxg5 Bxd3 15. Qxd3 Ng6 16. Qf5 f6 17. Ne6 Qd7 18. cxd5 c6 19. c4 cxd5 20. cxd5 Rad8 21. Rac1 Ne7 22. Qg4 Nxd5 23. Rfe1 Re7 24. Rc2 Rde8 25. Rce2 Nc3 26. Re3 Nb5 27. Qe2 Nxa3 28. Qa2 Kh8 29. Qxa3 Rxe6 30. Rxe6 Rxe6 31. Qf8# 1-0

[Event "XXVI. Rhein-Main-Open, Gruppe B"]
[Site "Bad Homburg vor der Höhe"]
[Date "2024.06.02"]
[Round "7"]
[White "Ghaznavi, Massoud"]
[Black "Nikonenko, Tymofii"]
[Result "1-0"]
[WhiteElo "1664"]
[BlackElo "1230"]
[PlyCount "65"]
[EventDate "2024.??.??"]
[WhiteTeam "SV Oberursel"]
[BlackTeam "SV Oberursel"]

1. d4 d5 2. Nc3 Nf6 3. h3 Bf5 4. Bf4 a6 5. e3 e6 6. Nf3 Bb4 7. Bd3 Be4 8. O-O O-O 9. Nd2 Bxd3 10. cxd3 Nc6 11. Ne2 h6 12. Nb3 Re8 13. Rc1 e5 14. dxe5 Nxe5 15. a3 Bd6 16. Nbd4 Rc8 17. Nf5 Ng6 18. Bxd6 cxd6 19. Rxc8 Qxc8 20. Nxd6 Qc6 21. Nxe8 Nxe8 22. d4 Nh4 23. Nc3 f5 24. Qh5 Qf6 25. Qxe8+ Kh7 26. Qh5 g6 27. Qe2 f4 28. exf4 Qxf4 29. Nxd5 Qxd4 30. Qe7+ Qg7 31. Nf6+ Kh8 32. Qe8+ Qf8 33. Qxf8# 1-0

[Event "XXVI. Rhein-Main-Open, Gruppe B"]
[Site "Bad Homburg vor der Höhe"]
[Date "2024.06.02"]
[Round "7"]
[White "Glavev, Danail"]
[Black "Moldenhauer, Nils"]
[Result "1-0"]
[WhiteElo "1683"]
[BlackElo "1685"]
[PlyCount "83"]
[EventDate "2024.??.??"]
[WhiteTeam "SK Bad Homburg 1927"]
[BlackTeam "SV Oberursel"]

1. e4 e5 2. Nf3 Nc6 3. d4 exd4 4. Bc4 Bc5 5. c3 d6 6. cxd4 Bb6 7. h3 Nge7 8. O-O O-O 9. Bg5 Kh8 10. Nc3 f6 11. Bf4 Ng6 12. Bg3 Bd7 13. Re1 Be8 14. Bb3 a6 15. a3 Bf7 16. Bc2 Re8 17. Qd3 Qd7 18. Ba4 d5 19. e5 f5 20. Re2 Nge7 21. Ng5 Bg6 22. Qd2 h6 23. Nf3 Qe6 24. Ree1 Bh7 25. h4 Qf7 26. Rac1 Rf8 27. Bf4 Qg6 28. Bxc6 Qxc6 29. Ne4 Qg6 30. Nc5 Bxc5 31. Rxc5 c6 32. Qb4 Rab8 33. e6 b6 34. Bxb8 bxc5 35. Qxc5 Qe8 36. Bd6 Rf6 37. Bxe7 Rg6 38. Qd6 Bg8 39. Qd8 Qxd8 40. Bxd8 Rxe6 41. Rxe6 Bxe6 42. Ne5 1-0

[Event "XXVI. Rhein-Main-Open, Gruppe B"]
[Site "Bad Homburg vor der Höhe"]
[Date "2024.06.02"]
[Round "7"]
[White "Graef, Kilian Gabriel"]
[Black "Hofmann, Marco"]
[Result "1-0"]
[WhiteElo "1683"]
[BlackElo "1404"]
[PlyCount "77"]
[EventDate "2024.??.??"]
[WhiteTeam "SV Frankfurt Nord 1926"]
[BlackTeam "VSG 1880 Offenbach"]

1. d4 d5 2. c4 e6 3. Nc3 c5 4. cxd5 exd5 5. Nf3 Nf6 6. Bg5 h6 7. Bh4 Nc6 8. e3 cxd4 9. Nxd4 a6 10. Bxf6 Qxf6 11. Nxd5 Bb4+ 12. Nxb4 Nxd4 13. Qxd4 Qxd4 14. exd4 O-O 15. Nd5 Be6 16. Nc7 Rac8 17. Nxe6 Rfe8 18. Be2 Rxe6 19. Kd2 Rd6 20. Rac1 Rxd4+ 21. Ke3 Rcd8 22. Rhd1 Rxd1 23. Rxd1 Rxd1 24. Bxd1 Kf8 25. Bf3 b6 26. Kd4 Ke7 27. Kd5 Kd7 28. Bg4+ Kc7 29. Bh5 g6 30. Be2 a5 31. Bc4 g5 32. Ke5 Kc6 33. Bxf7 Kc5 34. Ke4 Kb4 35. Kd3 a4 36. g3 b5 37. f4 gxf4 38. gxf4 Kc5 39. f5 1-0

[Event "XXVI. Rhein-Main-Open, Gruppe B"]
[Site "Bad Homburg vor der Höhe"]
[Date "2024.06.02"]
[Round "7"]
[White "Graf, Michael"]
[Black "Lebermann, Hellmuth"]
[Result "1/2-1/2"]
[WhiteElo "1775"]
[BlackElo "1909"]
[PlyCount "146"]
[EventDate "2024.??.??"]
[WhiteTeam "Schachunion Schorndorf e.V."]
[BlackTeam "SK Bad Homburg 1927"]

1. b4 d5 2. Bb2 Nf6 3. e3 e6 4. a3 Be7 5. Nf3 O-O 6. Be2 a5 7. b5 b6 8. O-O Bb7 9. d4 Nbd7 10. Nbd2 h6 11. c4 Ne4 12. Nxe4 dxe4 13. Nd2 Nf6 14. Qc2 c5 15. a4 Rc8 16. Rac1 Qc7 17. f4 exf3 18. Bxf3 Rfd8 19. Bxb7 Qxb7 20. Nf3 Qc7 21. Ne5 Bd6 22. Qf2 Rf8 23. Qf3 Bxe5 24. dxe5 Nd7 25. Qg3 Rfd8 26. Rcd1 Nf8 27. Rd6 Rd7 28. e4 Rcd8 29. h4 Kh8 30. Rf3 Kh7 31. h5 Re7 32. Rfd3 Red7 33. Qg4 Qb7 34. Rg3 g6 35. hxg6+ fxg6 36. Rf3 Re8 37. Qf4 Rg7 38. Qd2 Qxe4 39. Rxb6 Qxc4 40. Bc1 Qxa4 41. Qxh6+ Kg8 42. Qd2 Rh7 43. Rf4 Qb3 44. Rf3 Qb1 45. Rc3 Qe4 46. Qe3 Qh4 47. Qg3 Qd4+ 48. Qe3 Qd1+ 49. Kf2 Rf7+ 50. Kg3 Qh1 51. Rc4 Rh7 52. Rd6 Ree7 53. Rd8 Ref7 54. Rf4 Qh2+ 55. Kf3 Rxf4+ 56. Qxf4 Rh4 57. b6 Rxf4+ 58. Bxf4 Qh4 59. Rc8 Qe7 60. Rc7 Qd8 61. Bh6 Qb8 62. Rg7+ Kh8 63. b7 Nh7 64. Rd7 a4 65. Be3 Nf8 66. Rf7 Kg8 67. Re7 a3 68. Bxc5 a2 69. Bd6 Qa7 70. b8=Q Qd4 71. Ra7 Qd3+ 72. Kf2 Qd2+ 73. Kf3 Qd3+ 1/2-1/2

[Event "XXVI. Rhein-Main-Open, Gruppe B"]
[Site "Bad Homburg vor der Höhe"]
[Date "2024.06.02"]
[Round "7"]
[White "Hensel, Roman"]
[Black "Beier, Claus Christian"]
[Result "1/2-1/2"]
[WhiteElo "1743"]
[BlackElo "1674"]
[PlyCount "61"]
[EventDate "2024.??.??"]
[WhiteTeam "SV Oberursel"]
[BlackTeam "SK Bad Homburg 1927"]

1. e4 e6 2. d4 d5 3. Nd2 Be7 4. Bd3 c5 5. dxc5 Bxc5 6. e5 Nc6 7. Ngf3 Qc7 8. Qe2 Nge7 9. O-O Nb4 10. Re1 Nxd3 11. Qxd3 Bd7 12. Nb3 Rc8 13. Nxc5 Qxc5 14. Be3 Qxc2 15. Qa3 Qa4 16. Qxa4 Bxa4 17. Rec1 Rxc1+ 18. Rxc1 Nc6 19. b3 Bb5 20. Nd4 a6 21. a4 Bd3 22. Rc3 Bb1 23. Nxc6 bxc6 24. Rxc6 Kd7 25. Rd6+ Kc7 26. Bb6+ Kb7 27. Bc5 Bd3 28. b4 Rc8 29. a5 Rc6 30. Rd8 Rc8 31. Rxc8 1/2-1/2

[Event "XXVI. Rhein-Main-Open, Gruppe B"]
[Site "Bad Homburg vor der Höhe"]
[Date "2024.06.02"]
[Round "7"]
[White "Iannotti, Tim"]
[Black "Pfaff, Helmut"]
[Result "1-0"]
[WhiteElo "1094"]
[BlackElo "1529"]
[PlyCount "37"]
[EventDate "2024.??.??"]
[WhiteTeam "SV Oberursel"]
[BlackTeam "Vorw.Orient Mainz"]

1. e4 e5 2. Nf3 Nc6 3. Bc4 f6 4. d4 Na5 5. Bb3 Nxb3 6. axb3 b5 7. dxe5 Be7 8. exf6 gxf6 9. e5 f5 10. Nd4 Bg5 11. Qh5+ Kf8 12. Bxg5 Qe8 13. Bh6+ Ke7 14. Nxf5+ Ke6 15. Qxe8+ Kxf5 16. Qf7+ Nf6 17. Qxf6+ Ke4 18. Nc3+ Kd4 19. Be3# 1-0

[Event "XXVI. Rhein-Main-Open, Gruppe B"]
[Site "Bad Homburg vor der Höhe"]
[Date "2024.06.02"]
[Round "7"]
[White "Kaiser, Danny"]
[Black "Xu, Dorothea Sicheng"]
[Result "0-1"]
[WhiteElo "1103"]
[BlackElo "1256"]
[PlyCount "110"]
[EventDate "2024.??.??"]
[WhiteTeam "SC Bad Nauheim"]
[BlackTeam "SK Bad Homburg 1927"]

1. d4 d5 2. c4 e6 3. Nc3 Nf6 4. Bg5 Be7 5. e3 O-O 6. Bd3 Nc6 7. Qc2 h6 8. Bh4 e5 9. Bxf6 Bxf6 10. cxd5 Nb4 11. Qd2 exd4 12. exd4 Bxd4 13. a3 Nxd5 14. Bh7+ Kxh7 15. Qxd4 Nxc3 16. Qxd8 Rxd8 17. bxc3 Bf5 18. Ne2 Re8 19. Ra2 Rad8 20. f3 Be6 21. Rb2 Bc4 22. Kf2 Rd3 23. Re1 Rde3 24. Rd2 Rxe2+ 25. Rexe2 Rxe2+ 26. Rxe2 Bxe2 27. Kxe2 Kg6 28. Ke3 Kf5 29. Kd4 Kf4 30. c4 h5 31. h4 Kg3 32. c5 Kxg2 33. c6 bxc6 34. Kc5 Kg3 35. Kxc6 Kxh4 36. Kb7 Kg3 37. Kxa7 h4 38. a4 h3 39. a5 h2 40. a6 h1=Q 41. Kb8 Kxf3 42. a7 Kf4 43. a8=Q Qxa8+ 44. Kxa8 g5 45. Kb7 g4 46. Kc6 g3 47. Kc5 g2 48. Kd5 g1=Q 49. Kc4 Ke4 50. Kb5 Qc1 51. Kb4 Kd4 52. Kb3 Qc3+ 53. Ka4 Qb2 54. Ka5 Kc5 55. Ka6 Qb6# 0-1

[Event "XXVI. Rhein-Main-Open, Gruppe B"]
[Site "Bad Homburg vor der Höhe"]
[Date "2024.06.02"]
[Round "7"]
[White "Kellermann, Friedrich"]
[Black "Bensberg, Arno"]
[Result "1/2-1/2"]
[WhiteElo "1633"]
[BlackElo "1761"]
[PlyCount "43"]
[EventDate "2024.??.??"]
[WhiteTeam "SC Hilchenbach"]
[BlackTeam "SC Hilchenbach"]

1. c4 e5 2. Nc3 Nf6 3. g3 Nc6 4. Bg2 Bc5 5. e3 O-O 6. Nge2 Re8 7. O-O a6 8. d4 exd4 9. exd4 Be7 10. Be3 d6 11. h3 Bd7 12. a3 Qc8 13. Nf4 Bd8 14. Kh2 Bf5 15. Nfd5 Nxd5 16. Nxd5 Ne7 17. Nxe7+ Bxe7 18. Qf3 c6 19. b4 Bf6 20. Rfd1 Be4 21. Qf4 Bxg2 22. Kxg2 1/2-1/2

[Event "XXVI. Rhein-Main-Open, Gruppe B"]
[Site "Bad Homburg vor der Höhe"]
[Date "2024.06.02"]
[Round "7"]
[White "Kesavan, Sarvesh"]
[Black "Benz, Juergen"]
[Result "1/2-1/2"]
[WhiteElo "1670"]
[BlackElo "1666"]
[PlyCount "45"]
[EventDate "2024.??.??"]
[WhiteTeam "SK Bad Homburg 1927"]
[BlackTeam "SK Bad Homburg 1927"]

1. e4 c5 2. Nf3 d6 3. d4 cxd4 4. Nxd4 a6 5. Nc3 Nf6 6. Bc4 Bg4 7. f3 Bh5 8. Be3 Qc7 9. Bb3 Nbd7 10. Qd2 e6 11. Rc1 Nc5 12. Nde2 Nxb3 13. cxb3 Qd8 14. Nf4 Be7 15. Nce2 O-O 16. Ng3 Bg6 17. Nxg6 fxg6 18. O-O Qd7 19. Rc2 Rac8 20. Rfc1 Rxc2 21. Qxc2 Rb8 22. Ba7 Ra8 23. Be3 1/2-1/2

[Event "XXVI. Rhein-Main-Open, Gruppe B"]
[Site "Bad Homburg vor der Höhe"]
[Date "2024.06.02"]
[Round "7"]
[White "Kovacs, Adam"]
[Black "Wolf, Aurelia"]
[Result "1-0"]
[WhiteElo "1421"]
[BlackElo "1498"]
[PlyCount "67"]
[EventDate "2024.??.??"]
[WhiteTeam "SK Gründau"]
[BlackTeam "SK Bad Homburg 1927"]

1. Nf3 Nf6 2. d4 e6 3. c4 b6 4. Nc3 Bb7 5. Bg5 Be7 6. e3 O-O 7. Be2 h6 8. Bh4 d5 9. Bxf6 Bxf6 10. cxd5 Bxd5 11. Nxd5 exd5 12. O-O c5 13. Qd2 c4 14. b3 b5 15. a4 bxa4 16. bxc4 dxc4 17. Rxa4 Qd7 18. Rxc4 a5 19. Ra1 a4 20. Qa2 a3 21. Nd2 Rc8 22. Nb1 Be7 23. Qb3 Nc6 24. Nxa3 Na5 25. Rxc8+ Qxc8 26. Qb2 Rb8 27. Qa2 Ra8 28. Nc4 Bd8 29. Nxa5 Qc3 30. Bh5 Kh8 31. Rf1 Rxa5 32. Qxf7 Ra1 33. Qe8+ Kh7 34. Bg6# 1-0

[Event "XXVI. Rhein-Main-Open, Gruppe B"]
[Site "Bad Homburg vor der Höhe"]
[Date "2024.06.02"]
[Round "7"]
[White "Liu, Jonas"]
[Black "Hasenpflug, Till"]
[Result "0-1"]
[WhiteElo "1632"]
[BlackElo "1633"]
[PlyCount "98"]
[EventDate "2024.??.??"]
[WhiteTeam "SV Oberursel"]
[BlackTeam "SK Bad Homburg 1927"]

1. e4 c5 2. Nf3 Nc6 3. d4 cxd4 4. Nxd4 g6 5. Nc3 Bg7 6. Be3 Nf6 7. f3 O-O 8. Qd2 d5 9. exd5 Nxd5 10. Nxc6 bxc6 11. Nxd5 Qxd5 12. Qxd5 cxd5 13. O-O-O Bb7 14. Be2 e5 15. Rhe1 d4 16. Bf2 Rfe8 17. Bd3 Rac8 18. Be4 Bxe4 19. fxe4 Rc7 20. Kd2 Rec8 21. c3 dxc3+ 22. bxc3 Rxc3 23. Re2 Bh6+ 24. Ke1 Rc1 25. Be3 Bxe3 26. Rxe3 Rxd1+ 27. Kxd1 Rc4 28. Kd2 Ra4 29. a3 Kf8 30. Ke2 Ke7 31. Kf3 Ke6 32. Rc3 f5 33. exf5+ Kxf5 34. h3 h5 35. Re3 e4+ 36. Kg3 Rd4 37. Rc3 Rd3+ 38. Rxd3 exd3 39. Kf3 d2 40. Ke2 Kf4 41. Kxd2 Kg3 42. Kc3 Kxg2 43. Kb4 Kxh3 44. Kb5 g5 45. Ka6 g4 46. a4 g3 47. a5 g2 48. Kxa7 g1=Q+ 49. Ka8 Qa1 0-1

[Event "XXVI. Rhein-Main-Open, Gruppe B"]
[Site "Bad Homburg vor der Höhe"]
[Date "2024.06.02"]
[Round "7"]
[White "Muehlpfordt, Werner"]
[Black "Nikonenko, Hlib"]
[Result "1-0"]
[WhiteElo "1971"]
[BlackElo "1648"]
[PlyCount "85"]
[EventDate "2024.??.??"]
[WhiteTeam "SC 1997 Lambsheim"]
[BlackTeam "SV Oberursel"]

1. e4 e6 2. b3 d5 3. Bb2 dxe4 4. Nc3 Nf6 5. Qe2 Nc6 6. Nxe4 Nxe4 7. Qxe4 Bd7 8. a3 f6 9. d4 Qe7 10. f4 g6 11. Nf3 Bg7 12. Bd3 f5 13. Qe3 h6 14. O-O-O O-O-O 15. Kb1 Bf6 16. Rhe1 Rhg8 17. Bc4 Rge8 18. b4 a6 19. Qb3 Qd6 20. Ne5 Bxe5 21. fxe5 Qe7 22. g3 g5 23. Qf3 Nb8 24. d5 exd5 25. Bxd5 c6 26. Bc4 Be6 27. Qb3 Rxd1+ 28. Rxd1 Bxc4 29. Qxc4 Nd7 30. Qd4 Qe6 31. Bc3 Re7 32. Qa7 Kc7 33. b5 Kc8 34. Ba5 b6 35. Qxa6+ Kc7 36. Qa7+ Kc8 37. Bxb6 Nxb6 38. Qxb6 Rd7 39. Rxd7 Qxd7 40. Qxc6+ Qxc6 41. bxc6 Kc7 42. Kc1 Kxc6 43. a4 1-0